000 00668nam a2200229 i 4500
001 C2-0262815
003 PPAK
005 20180727231755.0
008 050223s2003 my |||| ||||| | may d
020 _a9836275371
040 _aPPAK
_beng
_cPPAK
_erda
082 0 4 _a016.89923301
_223
090 0 0 _a016.89923301
_bBIB
_dG
245 0 0 _aBibliografi cerpen Melayu Malaysia jilid 1
264 1 _aKuala Lumpur :
_bDewan Bahasa dan Pustaka ,
_c2003
300 _aix, 119 pages ;
_c24 cm
336 _2rdacontent
_atext
337 _2rdamedia
_aunmediated
338 _2rdacarrier
_avolume
650 1 0 _aShort stories, Malay - Malaysia - Bibliography.
942 _ddc
_cB
999 _c73108
_d73108